A Pénzvilág. - 21.évf. (1931) 3-4. sz.

Elmentve itt :
Bibliográfiai részletek
Dokumentumtípus: Folyóirat
Megjelent: 1931
Sorozat:A Pénzvilág 21 No. 3-4
Online Access:http://misc.bibl.u-szeged.hu/69381
LEADER 00452nas a2200133 i 4500
001 misc69381
005 20211013131908.0
008 211013s1931 hu o 0|| zxx d
040 |a SZTE Miscellanea Repozitórium  |b hun 
041 |a zxx 
245 0 2 |a A Pénzvilág. - 21.évf. (1931) 3-4. sz.  |h [elektronikus dokumentum] 
260 |c 1931 
490 0 |a A Pénzvilág  |v 21 No. 3-4 
856 4 0 |u http://misc.bibl.u-szeged.hu/69381/1/penzvilag_1931_003_004.pdf  |z Dokumentum-elérés